000 00449nam a2200181Ia 4500
005 20250603145629.0
008 250603s9999 xx 000 0 und d
020 _a9780273708483
050 _aHD 30.25 .B73/
100 _aBrandon-Jones, Alistair
245 0 _aQuantitative analysis in operations management
260 _aHarlow
260 _bPearson Prentice Hall
260 _c2008
300 _a164 p
650 _aHarlow
942 _cBK
999 _c42399
_d42399